000 00267nam a2200097Ia 4500
008 220204s9999 xx 000 0 und d
082 _a35(06)
_bCON
245 0 _aConference on administrative reforms proceedings, 1963-64
260 _aNew Delhi
_bIIPA
_c1967
942 _cBK
999 _c21461
_d21461